000 00725nam a22001817a 4500
003 UA-OsUOA
001 18955
007 ta
008 20040623b un ||||| |||| 00| 0 ukr d
100 _aТкач Н.
942 _cSA
040 _aUA-OsUOA
_cUA-OsUOA
_dUA-OsUOA
245 _aПерші світанки у "Світанковій зорі"
_b[Про відкриття першого сезону "Світанкової зорі" - християн. табору відпочинку у с. Борбин Млинів. р-ну]
300 _aС.3
955 _a0
773 0 _w0
_tВісник Дубенщини
_dДубно
_d2004
_g№47/48/10 черв./
650 7 _aКраєзнавча робота
_2UDC
999 _c305126
_d305126